Normal view
MARC view
- Farooq,Huma
Entry Personal Name
001 - CONTROL NUMBER
- control field: 26448
003 - CONTROL NUMBER IDENTIFIER
- control field: NUST
005 - DATE AND TIME OF LATEST TRANSACTION
- control field: 20191203143357.0
008 - FIXED-LENGTH DATA ELEMENTS
- fixed length control field: 191203|| aca||aabn | a|a d
040 ## - CATALOGING SOURCE
- Original cataloging agency: NUST
- Transcribing agency: NUST
100 ## - HEADING--PERSONAL NAME
- Personal name: Farooq,Huma
670 ## - SOURCE DATA FOUND
- Source citation: Work cat.: (NUST): Farooq,Huma, Isolation and molecular characterization of potential lambda cyhalothrin degrading bacteria, 2019
